[Event "AUTO-INT-3268"]
[Site "http://www.queenalice.com/game.php?id=1488317"]
[Date "2017.8.1"]
[Round "1"]
[White "Ogaiht"]
[Black "italomachado"]
[Result "1-0"]
[WhiteElo "1634"]
[BlackElo "1618"]

1. d4 e6 2. e4 Bb4+ 3. Bd2 Be7 4. Nc3 d5 5. Qg4 g6 6. O-O-O e5 7. Qf3 Nc6 8. Be3
Nf6 9. exd5 e4 10. Nxe4 Nb4 11. Nc3 Bg4 12. Qf4 Bd6 13. Qh6 Bf8 14. f3 Bxh6 15.
Bxh6 Bf5 16. g4 Bxc2 17. Rd2 Ba4 18. a3 Nbxd5 19. Nxa4 c5 20. Nxc5 Rc8 21. Bb5+
Ke7 22. Re2+ Kd6 23. Kb1 a6 24. Nxb7+ Kc7 25. Nxd8 Kxd8 26. Bxa6 Rb8 27. Bg7 Re8
28. Bxf6+ Nxf6 29. Rxe8+ Kxe8 30. Ne2 Nd5 31. Rc1 Nb6 32. Nf4 Na4 33. Rc8+ Rxc8
34. Bxc8 Nb6 35. Ba6 h5 36. gxh5 gxh5 37. Nxh5 Nd5 38. f4 Ne3 39. b4 f5 40. Bb5+
Kf8 41. Nf6 Kg7 42. Nh5+ Kh6 43. Be8 Nc4 44. a4 Nd6 45. Nf6 Kg7 46. Nh5+ Kf8 47.
Bg6 Ke7 48. Ng3 Kf6 49. Bh5 Nc4 50. a5 Na3+ 51. Kb2 Nb5 52. Ne2 Nc7 53. Bf3 Na6
54. b5 Nb4 55. a6 Nd3+ 56. Kc3 Ne1 57. Ng1 Nxf3 58. Nxf3 Kg6 59. a7 Kh5 60. a8=Q
Kg4 61. Ne5+ Kxf4 62. Qf3+ Kg5 63. b6 f4 64. b7 Kf5 65. b8=Q Kg5 66. Qg8+ Kh4
67. Qgg4# 1-0

[Event "AUTO-INT-3268"]
[Site "http://www.queenalice.com/game.php?id=1488326"]
[Date "2017.8.1"]
[Round "1"]
[White "joselito1248"]
[Black "Ogaiht"]
[Result "1-0"]
[WhiteElo "1861"]
[BlackElo "1628"]

1. d4 d5 2. Nf3 Bg4 3. Ne5 Nf6 4. Nxg4 Nxg4 5. e4 Nf6 6. e5 Ne4 7. f3 f5 8. fxe4
fxe4 9. Bg5 h6 10. Qh5+ Kd7 11. Nc3 c6 12. g3 Qb6 13. Bh3+ Kd8 14. O-O-O a5 15.
Qg4 Nd7 16. Qxd7# 1-0

[Event "AUTO-INT-3268"]
[Site "http://www.queenalice.com/game.php?id=1488327"]
[Date "2017.8.1"]
[Round "1"]
[White "Ogaiht"]
[Black "joselito1248"]
[Result "1-0"]
[WhiteElo "1618"]
[BlackElo "1684"]

1. d4 d5 2. Nc3 Nf6 3. Bg5 Nc6 4. Bxf6 exf6 5. e4 Bb4 6. exd5 Bxc3+ 7. bxc3 Qxd5
8. Nf3 O-O 9. c4 Re8+ 10. Kd2 Qa5+ 11. c3 Bg4 12. Be2 Rad8 13. d5 Ne5 14. Nxe5
Bxe2 15. Qxe2 Rxe5 16. Qf3 c6 17. Rhe1 cxd5 18. Rxe5 dxc4+ 19. Ke1 fxe5 20. g4
Rd3 21. Qxb7 Qxc3+ 22. Ke2 Rd2+ 23. Kf1 Qxa1+ 24. Kg2 1-0

[Event "AUTO-INT-3274"]
[Site "http://www.queenalice.com/game.php?id=1491475"]
[Date "2017.8.24"]
[Round "1"]
[White "od_xavier"]
[Black "Ogaiht"]
[Result "0-1"]
[WhiteElo "1671"]
[BlackElo "1705"]

1. b3 d5 2. Bb2 Nc6 3. e3 e5 4. d3 Nf6 5. Be2 Be7 6. Nf3 Bg4 7. Nbd2 O-O 8. O-O
Bb4 9. Nxe5 Bxe2 10. Qxe2 Nxe5 11. f3 Bxd2 12. Qxd2 Re8 13. Bxe5 Rxe5 14. c4 c6
15. Rae1 dxc4 16. bxc4 Qa5 17. Qxa5 Rxa5 18. Rb1 b6 19. a4 Rxa4 20. g4 Ra3 21.
Rfd1 Rb8 22. h4 Rd8 23. e4 Raxd3 24. Rxd3 Rxd3 25. Kf2 g6 26. Ra1 a5 27. Rb1 Nd7
28. Ke2 Rc3 29. Rd1 Nc5 30. Rd6 Rxc4 31. Rxc6 b5 32. Rb6 Rb4 33. Rc6 Ne6 34.
Rc8+ Kg7 35. Ke3 Rb3+ 36. Ke2 Nd4+ 37. Kd2 Nxf3+ 38. Ke2 Nxh4 39. Ra8 a4 40. Ra7
Ng2 41. e5 Re3+ 42. Kf2 Rxe5 43. Kxg2 h5 44. gxh5 Rxh5 45. Rb7 a3 46. Ra7 b4 47.
Kf2 Rh2+ 48. Ke3 a2 49. Kd3 b3 50. Ra3 Rh1 51. Rxb3 a1=Q 52. Kc4 Qa4+ 53. Rb4
Rc1+ 54. Kd4 Qxb4+ 55. Kd3 Rc3+ 56. Kd2 Qb2+ 57. Kd1 Qa2 58. Ke1 Rc1# 0-1

[Event "AUTO-INT-3274"]
[Site "http://www.queenalice.com/game.php?id=1491476"]
[Date "2017.8.24"]
[Round "1"]
[White "Ogaiht"]
[Black "od_xavier"]
[Result "1-0"]
[WhiteElo "1677"]
[BlackElo "1705"]

1. d4 b6 2. e4 Bb7 3. Nc3 e6 4. Nf3 f6 5. Be3 c5 6. dxc5 Bxc5 7. Bxc5 bxc5 8.
Qd3 Ne7 9. O-O-O Bc6 10. Qc4 O-O 11. Bd3 Qb6 12. Na4 Bxa4 13. Qxa4 Nbc6 14. Bb5
a6 15. Bxc6 dxc6 16. Rd7 Rfe8 17. e5 f5 18. Qc4 Rab8 19. Qxe6+ Kh8 20. Ng5 Qxb2+
21. Kd2 Qb4+ 22. Ke2 Qg4+ 23. Kd3 Qxg5 24. g3 Nd5 25. h4 Rxe6 26. hxg5 Rxe5 27.
Kd2 Nb4 28. g6 h6 29. a3 Na2 30. Ra1 Nb4 31. axb4 Rd5+ 32. Rxd5 cxd5 33. bxc5
Ra8 34. c6 a5 35. c7 a4 36. c8=Q+ Rxc8 37. Rxa4 Rc6 38. Ra8+ Rc8 39. Rxc8# 1-0

[Event "AUTO-INT-3274"]
[Site "http://www.queenalice.com/game.php?id=1491487"]
[Date "2017.8.24"]
[Round "1"]
[White "NickThorp"]
[Black "Ogaiht"]
[Result "0-1"]
[WhiteElo "1686"]
[BlackElo "1703"]

1. e4 d5 2. exd5 Qxd5 3. Nc3 Qd6 4. d3 e5 5. Ne4 Qb6 6. Be3 Qxb2 7. Nf3 Bg4 8.
Be2 Bxf3 9. Bxf3 Bb4+ 10. Bd2 Nc6 11. O-O O-O-O 12. Bxb4 Nxb4 13. Qb1 Qxb1 14.
Raxb1 Nxc2 15. Rfd1 Nd4 16. Bg4+ f5 17. Bxf5+ Nxf5 18. Rb5 Re8 19. Rdb1 b6 20.
a4 Nd4 21. R5b4 c5 22. Rb5 Nxb5 23. Rxb5 Nf6 24. Nd6+ Kd7 25. Ne4 Nxe4 26. dxe4
Kc6 27. f3 a6 28. Rb3 Rd8 29. h3 Rd6 30. Kf2 Rhd8 31. Kg3 Rd4 32. Kg4 c4 33. Rc3
Kc5 34. Kf5 Re8 35. g4 Rd3 36. Rc1 Rxf3+ 37. Kg5 Rxh3 38. Kf5 h6 39. Kg6 Re7 40.
g5 hxg5 41. Kxg5 Re3 42. Kf5 Kd4 43. Rd1+ Rd3 44. Rb1 Rf3+ 45. Kg4 Kxe4 46. Rxb6
Ra7 47. Rc6 c3 48. a5 Kd5 49. Rc8 Rd3 50. Rd8+ Kc4 51. Rc8+ Kb3 52. Kf5 Re7 53.
Rb8+ Ka4 54. Rc8 Kxa5 55. Rc5+ Kb4 56. Rc8 Rd2 57. Ke4 c2 58. Ke3 Rg2 59. Kf3
Rh2 60. Kg3 Rd2 61. Kf3 e4+ 62. Ke3 Rh2 63. Rb8+ Ka3 64. Rc8 g5 65. Rc6 g4 66.
Rxa6+ Kb2 67. Rb6+ Kc1 68. Kf4 e3 69. Kxg4 e2 70. Kg3 e1=Q+ 71. Kxh2 Qf2+ 0-1

[Event "AUTO-INT-3274"]
[Site "http://www.queenalice.com/game.php?id=1491488"]
[Date "2017.8.24"]
[Round "1"]
[White "Ogaiht"]
[Black "NickThorp"]
[Result "1-0"]
[WhiteElo "1637"]
[BlackElo "1617"]

1. d4 d5 2. Nc3 Nf6 3. Bg5 Nc6 4. Bxf6 exf6 5. e4 dxe4 6. Bb5 a6 7. Bxc6+ bxc6
8. Nxe4 Qd5 9. f3 Bb4+ 10. c3 Ba5 11. Ne2 Bf5 12. N2g3 Rb8 13. b3 O-O 14. O-O
Bxe4 15. fxe4 Qd7 16. b4 Bb6 17. h3 Ba7 18. Nf5 Rfe8 19. Rf4 Re6 20. Rg4 Rbe8
21. Rxg7+ Kh8 22. Qh5 1-0

[Event "AUTO-ADV-3934"]
[Site "http://www.queenalice.com/game.php?id=1502921"]
[Date "2017.11.10"]
[Round "1"]
[White "zmanomega"]
[Black "Ogaiht"]
[Result "1/2-1/2"]
[WhiteElo "1733"]
[BlackElo "1737"]

1. e4 d5 2. f4 dxe4 3. Be2 Nf6 4. c4 Nc6 5. d3 e5 6. dxe4 Qxd1+ 7. Bxd1 Nxe4 8.
Ba4 Bb4+ 9. Bd2 Nxd2 10. Nxd2 Bd7 11. O-O-O Bg4 12. Ndf3 Bxf3 13. Nxf3 exf4 14.
a3 Be7 15. Ne5 O-O 16. Nxc6 bxc6 17. Bxc6 Rad8 18. Rde1 Bg5 19. h4 Bh6 20. Kc2
Rd6 21. Bf3 Rfd8 22. Re2 f6 23. Rg1 g5 24. hxg5 fxg5 25. b4 Bg7 26. g4 Bd4 27.
Bd5+ Kh8 28. Rh1 c6 29. Be4 h6 30. c5 Re6 31. Rd1 Bf6 32. Rxd8+ Bxd8 33. Kd3 Bc7
34. Bf3 Rxe2 35. Kxe2 Be5 36. Bxc6 Bc7 37. a4 Kg7 38. Kd3 Kf7 39. Kc4 Kg6 40. b5
h5 41. gxh5+ Kxh5 42. Bf3+ g4 43. Bd5 f3 44. Bf7+ Kh4 45. Kb4 f2 46. Bc4 g3 47.
Bf1 Kg4 48. Bg2 Kf4 49. a5 Ke3 50. Bf1 Kf3 51. b6 axb6 52. axb6 Bb8 53. c6 g2
54. Bxg2+ Kxg2 55. c7 Bxc7 56. bxc7 f1=Q 57. c8=Q Qb1+ 58. Ka3 1/2-1/2

[Event "AUTO-ADV-3934"]
[Site "http://www.queenalice.com/game.php?id=1502922"]
[Date "2017.11.10"]
[Round "1"]
[White "Ogaiht"]
[Black "zmanomega"]
[Result "0-1"]
[WhiteElo "1718"]
[BlackElo "1682"]

1. d4 d5 2. Nc3 c6 3. e4 Be6 4. Nf3 dxe4 5. Nxe4 f5 6. Nc5 Bc8 7. Bf4 e6 8. Qe2
Bxc5 9. Be5 Bf8 10. Bxb8 Rxb8 11. O-O-O Bd6 12. a3 Qb6 13. b4 a5 14. Ng5 Ke7 15.
c3 axb4 16. axb4 Qa7 17. Qb2 Bf4+ 18. Kc2 Bxg5 19. Bd3 Nf6 20. Ra1 Qb6 21. c4 c5
22. dxc5 Qc6 23. f3 Rd8 24. Rhf1 Be3 25. Rae1 f4 26. g3 g5 27. Bxh7 Rd2+ 28. Kb1
Rxb2+ 29. Kxb2 Nxh7 30. gxf4 Bd4+ 31. Kb3 b5 32. cxb5 Rxb5 33. Re4 Bxc5 0-1

[Event "AUTO-ADV-3934"]
[Site "http://www.queenalice.com/game.php?id=1502935"]
[Date "2017.11.10"]
[Round "1"]
[White "Ogaiht"]
[Black "od_xavier"]
[Result "1-0"]
[WhiteElo "1763"]
[BlackElo "1660"]

1. d4 d6 2. e4 Nf6 3. Nc3 c6 4. e5 dxe5 5. dxe5 Qxd1+ 6. Nxd1 Nd5 7. Bc4 e6 8.
Bxd5 cxd5 9. Nf3 h6 10. Nc3 Bd7 11. O-O Be7 12. Be3 Nc6 13. Nb5 O-O 14. Nd6 Nxe5
15. Nxe5 Bc6 16. Nxc6 Bxd6 17. g3 bxc6 18. a3 Rab8 19. Rfb1 c5 20. b4 cxb4 21.
Bxa7 Rbc8 22. axb4 Rxc2 23. b5 Rfc8 24. Be3 e5 25. Rc1 Rxc1+ 26. Bxc1 d4 27. Ba3
Bxa3 28. Rxa3 Rb8 29. Rb3 e4 30. Kf1 f5 31. Ke2 Rc8 32. b6 g5 33. b7 Rb8 34. Kd2
h5 35. h3 f4 36. gxf4 gxf4 37. Rb4 e3+ 38. fxe3 f3 39. exd4 Kf7 40. Ke3 Ke7 41.
Kxf3 Kd7 42. Kf4 Kc7 43. Kg5 Rxb7 44. Rxb7+ Kxb7 45. Kxh5 Kc6 46. Kg5 Kd5 47. h4
Kxd4 48. h5 Ke5 49. h6 Ke6 50. Kg6 Ke7 51. Kg7 Ke8 52. h7 1-0

[Event "AUTO-ADV-3934"]
[Site "http://www.queenalice.com/game.php?id=1502936"]
[Date "2017.11.10"]
[Round "1"]
[White "od_xavier"]
[Black "Ogaiht"]
[Result "0-1"]
[WhiteElo "1673"]
[BlackElo "1750"]

1. e4 d5 2. d4 dxe4 3. c3 Nf6 4. f3 exf3 5. gxf3 Nc6 6. Bg2 e5 7. dxe5 Qxd1+ 8.
Kxd1 Nxe5 9. Bf4 Bd6 10. Bxe5 Bxe5 11. Nd2 O-O 12. Ne2 Be6 13. Rc1 Nd5 14. Nc4
Bf4 15. Nxf4 Nxf4 16. Ne3 Rad8+ 17. Kc2 a6 18. Bf1 Bh3 19. Bxh3 Nxh3 20. Rcf1
Rfe8 21. Nf5 g6 22. Nd4 c5 23. Nb3 b6 24. Nd2 Nf4 25. Ne4 Re6 26. Rhg1 f5 27.
Ng5 Re2+ 28. Kb3 Rxh2 29. Re1 Rg2 30. Rxg2 Nxg2 31. Re7 h6 32. Ne6 Rc8 33. Rb7
b5 34. Ra7 Rc6 35. Nd8 c4+ 36. Kb4 Rd6 37. Ra8 Kg7 38. Nb7 Rd7 39. Nc5 Rd2 40.
Ka3 h5 41. Rxa6 h4 42. Rb6 h3 43. Rxb5 h2 44. Na4 h1=Q 45. Kb4 Ne3 46. b3 cxb3
47. axb3 Nd5+ 48. Kc4 Qh4+ 49. Kc5 Qe7+ 50. Kc4 Qc7+ 51. Nc5 Nb6+ 0-1

[Event "AUTO-ADV-3934"]
[Site "http://www.queenalice.com/game.php?id=1502937"]
[Date "2017.11.10"]
[Round "1"]
[White "Ogaiht"]
[Black "Mikalus"]
[Result "1-0"]
[WhiteElo "1727"]
[BlackElo "1900"]

1. d4 d5 2. Nc3 e6 3. e4 c5 4. dxc5 Bxc5 5. exd5 Nf6 6. Bb5+ Bd7 7. Bxd7+ Qxd7
8. dxe6 Qxe6+ 9. Qe2 Qxe2+ 10. Ngxe2 O-O 11. Bg5 Ng4 12. f3 Ne5 13. Nd5 Nbc6 14.
O-O-O h6 15. Bf4 f6 16. Bxe5 Nxe5 17. Nef4 Kh7 18. Ne6 Rfc8 19. Ndc7 Be3+ 20.
Kb1 Bb6 21. Nxa8 Rxa8 22. Rd6 Nc4 23. Rd7 Rg8 24. b3 Ne5 25. Rxb7 Kg6 26. f4 Ng4
27. h3 Nf2 28. Rf1 Ne4 29. f5+ Kh7 30. Re1 Ng3 31. c4 Nxf5 32. Rd1 Kg6 33. Rdd7
h5 34. c5 Bxc5 35. Nxc5 h4 36. Rxa7 Ne3 37. Rd2 Rc8 38. b4 Nc4 39. Rdd7 Ne5 40.
Rxg7+ Kf5 41. Nd7 1-0

[Event "AUTO-ADV-3934"]
[Site "http://www.queenalice.com/game.php?id=1502938"]
[Date "2017.11.10"]
[Round "1"]
[White "Mikalus"]
[Black "Ogaiht"]
[Result "1-0"]
[WhiteElo "1890"]
[BlackElo "1737"]

1. e4 d5 2. exd5 Qxd5 3. Nc3 Qe5+ 4. Be2 e6 5. Nf3 Qd6 6. O-O Nf6 7. d4 Nc6 8.
Nb5 Qd7 9. Ne5 Nxe5 10. dxe5 Qxd1 11. Rxd1 Ke7 12. exf6+ gxf6 13. Be3 a6 14. Nc3
e5 15. Nd5+ Kd6 16. Nb6+ Ke6 17. Nxa8 Be7 18. Nxc7+ Kf5 19. Nd5 Bd6 20. Bb6 Be6
21. h3 h5 22. g4+ hxg4 23. Bxg4+ Kg5 24. Bxe6 fxe6 25. Ne3 Be7 26. Kh2 f5 27.
Rg1+ Kh4 28. Nc4 e4 29. Rad1 Bg5 30. Bc7 Rc8 31. Bg3+ Kh5 32. Ne3 Bxe3 33. fxe3
Rxc2+ 34. Kh1 Rxb2 35. Rg2 Rb6 36. Bf4 Rc6 37. Rg8 Rc2 38. Rdg1 Rxa2 39. Rh8#
1-0

[Event "AUTO-ADV-3956"]
[Site "http://www.queenalice.com/game.php?id=1509550"]
[Date "2017.12.27"]
[Round "1"]
[White "fabricioprado"]
[Black "Ogaiht"]
[Result "1-0"]
[WhiteElo "1767"]
[BlackElo "1732"]

1. e4 d5 2. exd5 Qxd5 3. Nc3 Qd6 4. Nf3 Bg4 5. Be2 e5 6. d3 Nc6 7. h3 Bxf3 8.
Bxf3 O-O-O 9. O-O h6 10. a3 Nf6 11. Be3 a6 12. Ne4 Nxe4 13. Bxe4 g6 14. Bxc6
Qxc6 15. Qe2 Bc5 16. Bxc5 Qxc5 17. Rac1 f6 18. Qg4+ f5 19. Qe2 Rde8 20. g4 fxg4
21. Qxg4+ Kb8 22. Qe4 g5 23. b4 Qc3 24. a4 b6 25. Rfe1 a5 26. bxa5 Qxa5 27. Rb1
Re7 28. Rb5 Qa8 29. Qxa8+ Kxa8 30. Rbxe5 Rxe5 31. Rxe5 Ka7 32. a5 Ka6 33. axb6
cxb6 34. Kf1 b5 35. Rc5 b4 36. Kg2 Kb6 37. Rf5 Rc8 38. Rf6+ Ka5 39. Re6 Rxc2 40.
Rxh6 b3 41. Rh8 b2 42. Rb8 Ka4 43. Ra8+ Kb5 44. Rb8+ Ka6 45. Rb3 Ka5 46. d4 Ka4
47. Rb8 Ka3 48. Ra8+ Kb3 49. Rb8+ Kc3 50. d5 1-0

[Event "AUTO-ADV-3956"]
[Site "http://www.queenalice.com/game.php?id=1509551"]
[Date "2017.12.27"]
[Round "1"]
[White "Ogaiht"]
[Black "fabricioprado"]
[Result "0-1"]
[WhiteElo "1748"]
[BlackElo "1751"]

1. d4 d5 2. Nc3 Nf6 3. Bg5 e6 4. Nf3 Be7 5. e3 O-O 6. Bd3 Nbd7 7. Ne5 Nxe5 8.
dxe5 Nd7 9. Bxe7 Qxe7 10. f4 f5 11. Nb5 Nb6 12. Qd2 a6 13. Nd4 c5 14. Nf3 c4 15.
Be2 Nd7 16. c3 b5 17. b4 Bb7 18. O-O-O Nb6 19. Qd4 Nd7 20. h3 h6 21. g3 a5 22.
a3 axb4 23. axb4 Ra1+ 24. Kb2 Ra4 25. Ra1 Rfa8 26. Nh4 Qf7 27. g4 Qe7 28. Ng6
Qf7 29. Nh4 fxg4 30. Bxg4 Nf8 31. f5 Kh7 32. fxe6 Nxe6 33. Bxe6 Qxe6 34. Kc2
Rxa1 35. Rxa1 Rxa1 36. Kb2 Rh1 37. Nf3 Rxh3 38. Ne1 Rh2+ 39. Nc2 Qf5 40. e4 Qxe4
41. Qxe4+ dxe4 42. Kc1 Bc6 43. Nd4 Be8 0-1

[Event "AUTO-ADV-3956"]
[Site "http://www.queenalice.com/game.php?id=1509562"]
[Date "2017.12.27"]
[Round "1"]
[White "dadaspazzi"]
[Black "Ogaiht"]
[Result "1-0"]
[WhiteElo "1983"]
[BlackElo "1755"]

1. d4 d5 2. c4 Nf6 3. cxd5 Nxd5 4. e4 Nb6 5. Nc3 e6 6. Be3 Bb4 7. Nf3 Nc6 8. Bd3
a6 9. Qc2 f6 10. O-O e5 11. d5 Ne7 12. Rac1 O-O 13. a3 Bxc3 14. Qxc3 Na4 15. Qb3
Bd7 16. d6+ Kh8 17. dxe7 Qxe7 18. Rxc7 b5 19. Rfc1 Rac8 20. Rxc8 Bxc8 21. Qc2
Bg4 22. Nh4 g5 23. Nf5 Bxf5 24. exf5 h5 25. b3 Qxa3 26. bxa4 Qxa4 27. Qxa4 bxa4
28. Bxa6 Ra8 29. Bb7 Rd8 30. Rc8 Rg8 31. Rxg8+ Kxg8 32. Bc5 Kg7 33. Bc6 g4 34.
Bxa4 Kf7 35. Bc6 Kg8 36. f3 gxf3 37. Bxf3 h4 38. Kf2 Kg7 39. Be3 Kf7 40. Be4 Ke7
41. Kf3 Kf7 42. Kg4 h3 43. Kxh3 Kg7 44. Kg4 Kh7 45. h4 Kg7 46. h5 Kh7 47. h6 Kh8
48. Kh5 Kh7 49. g4 Kh8 50. Kg6 Kg8 51. Kxf6 Kh8 52. Kf7 Kh7 53. Ke7 1-0

[Event "AUTO-ADV-3956"]
[Site "http://www.queenalice.com/game.php?id=1509563"]
[Date "2017.12.27"]
[Round "1"]
[White "Ogaiht"]
[Black "dadaspazzi"]
[Result "0-1"]
[WhiteElo "1775"]
[BlackElo "2090"]

1. d4 d5 2. Nc3 Bf5 3. h3 e6 4. a3 Nf6 5. g4 Bg6 6. Nf3 h6 7. Bf4 Nbd7 8. Ne5
Nxe5 9. Bxe5 Nd7 10. e3 Nxe5 11. dxe5 c6 12. Bd3 Bxd3 13. cxd3 Be7 14. Qb3 Qc7
15. d4 f6 16. exf6 Bxf6 17. O-O-O Bh4 18. Rd2 O-O 19. Rc2 Bxf2 20. Nd1 Bh4 21.
Nc3 Bg5 22. Re2 b5 23. h4 Be7 24. h5 Rf3 25. Qc2 Bg5 26. Qd3 Qg3 27. Rg1 Qxg1+
28. Kc2 Qxg4 29. Rh2 Bxe3 30. Nd1 Bxd4 31. Qd2 Raf8 32. b3 Qe4+ 33. Kc1 Rxb3 34.
Qc2 Be3+ 35. Nxe3 Qxe3+ 36. Rd2 Rf1+ 0-1

[Event "AUTO-ADV-3956"]
[Site "http://www.queenalice.com/game.php?id=1509568"]
[Date "2017.12.27"]
[Round "1"]
[White "Elcid"]
[Black "Ogaiht"]
[Result "1-0"]
[WhiteElo "1743"]
[BlackElo "1772"]

1. d4 d5 2. Bf4 Nc6 3. e3 h6 4. Nd2 Nf6 5. h3 g5 6. Bh2 e6 7. c3 Bd6 8. Ngf3 e5
9. dxe5 Bxe5 10. Nxe5 Nxe5 11. Bxe5 O-O 12. Nf3 g4 13. hxg4 Bxg4 14. Rxh6 Kg7
15. Rh2 Re8 16. Bd4 b6 17. Bd3 a5 18. Rh7+ Kf8 19. Rh6 Ng8 20. Rh2 Qe7 21. Rh7
Bxf3 22. Bg7# 1-0

[Event "AUTO-ADV-3956"]
[Site "http://www.queenalice.com/game.php?id=1509569"]
[Date "2017.12.27"]
[Round "1"]
[White "Ogaiht"]
[Black "Elcid"]
[Result "0-1"]
[WhiteElo "1717"]
[BlackElo "1671"]

1. d4 Nf6 2. Bg5 Ne4 3. Nf3 Nxg5 4. Nxg5 e6 5. f4 h6 6. Nf3 d5 7. Nc3 Bb4 8. Qd2
c5 9. a3 Ba5 10. b4 cxb4 11. axb4 Bxb4 12. e3 Nc6 13. Bb5 O-O 14. Bxc6 bxc6 15.
Ne5 Bb7 16. Rb1 a5 17. Nd3 Qd6 18. O-O Ba6 19. g3 Rac8 20. Rfe1 Qe7 21. Nb2 c5
22. dxc5 Rxc5 23. Nba4 Rb8 24. Nxc5 Qxc5 25. Rb3 Bc4 0-1